[Event "HUN-chT2 Toth 2324"]
[Site "Hungary"]
[Date "2024.04.21"]
[Round "8.10"]
[White "Szilagyi, Peter1"]
[Black "Moczo, Istvan"]
[Result "1-0"]
[WhiteElo "1644"]
[BlackElo "1876"]
[PlyCount "87"]
[EventDate "2023.10.08"]
[EventType "team-tourn"]
[EventRounds "9"]
[EventCountry "HUN"]
[SourceTitle "EXT 2025"]
[Source "ChessBase"]
[SourceDate "2024.10.14"]
[SourceVersion "1"]
[SourceVersionDate "2024.10.14"]
[SourceQuality "1"]
[WhiteTeam "Bekesszentandras"]
[BlackTeam "Kecskemet Takisz"]
[WhiteTeamCountry "HUN"]
[BlackTeamCountry "HUN"]

1. e4 c5 2. Bc4 e6 3. c3 d6 4. d3 Nf6 5. Bb3 Be7 6. f4 Qc7 7. Ne2 Nc6 8. Nd2 Bd7 9. 0-0 0-0 10. Nf3 b5 11. Bc2 a5 12. d4 cxd4 13. Nexd4 Nxd4 14. cxd4 Rac8 15. Bd3 Qb7 16. Qe2 Qb6 17. Be3 Ng4 18. Bd2 Nf6 19. h3 Bc6 20. Kh1 Nh5 21. Kh2 Nf6 22. Rac1 b4 23. b3 Bb7 24. Rfe1 Qa7 25. Qf2 h6 26. g4 Qa8 27. Qe2 Qb8 28. e5 Nd5 29. Rxc8 Rxc8 30. Bc1 Nc3 31. Qf2 Qa8 32. Nd2 Nxa2 33. Nc4 Nxc1 34. Rxc1 Qb8 35. Ra1 Qc7 36. Ra2 dxe5 37. fxe5 Ra8 38. Qe3 Bg5 39. Qe2 Bf4+ 40. Kg1 Qc6 41. Kf2 Qg2+ 42. Ke1 Qg1+ 43. Qf1 Qe3+ 44. Nxe3 1-0

[Event "HUN-chT2 Toth 2122"]
[Site "Hungary"]
[Date "2022.04.10"]
[Round "9.10"]
[White "Vertes, Imre"]
[Black "Moczo, Istvan"]
[Result "1-0"]
[WhiteElo "1775"]
[BlackElo "1876"]
[PlyCount "87"]
[EventDate "2021.10.10"]
[EventType "team-tourn"]
[EventRounds "9"]
[EventCountry "HUN"]
[SourceTitle "EXT 2025"]
[Source "ChessBase"]
[SourceDate "2024.10.14"]
[SourceVersion "1"]
[SourceVersionDate "2024.10.14"]
[SourceQuality "1"]
[WhiteTeam "Bekes"]
[BlackTeam "Kecskemet Takisz"]
[WhiteTeamCountry "HUN"]
[BlackTeamCountry "HUN"]

1. e4 c5 2. Nf3 d6 3. d4 cxd4 4. Nxd4 Nf6 5. Nc3 a6 6. Be3 e5 7. Nb3 Be6 8. Qd2 Be7 9. 0-0-0 Ng4 10. Kb1 Nxe3 11. Qxe3 Nd7 12. Nd5 Bxd5 13. Rxd5 Nb6 14. Rd1 Qc7 15. Be2 Nc4 16. Bxc4 Qxc4 17. Qd3 Qxd3 18. Rxd3 b6 19. Nc1 0-0 20. g4 g5 21. Ne2 h5 22. h3 h4 23. Nc3 Rfb8 24. Nd5 Kf8 25. Rhd1 Bd8 26. Ne3 Bc7 27. Nf5 Rd8 28. Nxd6 Bxd6 29. Rxd6 Rxd6 30. Rxd6 Rb8 31. c4 Ke7 32. Rd5 f6 33. b4 Rc8 34. c5 bxc5 35. bxc5 Rb8+ 36. Kc2 Rb4 37. f3 Rc4+ 38. Kb3 Rc1 39. Kb4 Rb1+ 40. Ka5 Ra1 41. a4 Ra3 42. c6 Rxf3 43. c7 Rc3 44. Kb6 1-0

[Event "HUN-chT2 Toth 1617"]
[Site "Hungary"]
[Date "2017.02.12"]
[Round "8.10"]
[White "Perdi, Zsombor"]
[Black "Moczo, Istvan"]
[Result "1/2-1/2"]
[WhiteElo "1761"]
[BlackElo "1888"]
[PlyCount "20"]
[EventDate "2016.09.25"]
[EventType "team-tourn"]
[EventRounds "11"]
[EventCountry "HUN"]
[SourceTitle "EXT 2021"]
[Source "ChessBase"]
[SourceDate "2020.10.23"]
[SourceVersion "1"]
[SourceVersionDate "2020.10.23"]
[SourceQuality "1"]
[WhiteTeam "Bekes"]
[BlackTeam "Kecskemet Takisz"]
[WhiteTeamCountry "HUN"]
[BlackTeamCountry "HUN"]

1. d4 d5 2. c4 e6 3. Nc3 Nf6 4. Bg5 Nbd7 5. Nf3 c6 6. e3 Qa5 7. a3 Ne4 8. Qc2 Nxg5 9. Nxg5 Nf6 10. b4 Bxb4 1/2-1/2

[Event "HUN-chT2 Toth 1314"]
[Site "Hungary"]
[Date "2014.04.13"]
[Round "10.9"]
[White "Moczo, Istvan"]
[Black "Nagy, Karoly1"]
[Result "0-1"]
[WhiteElo "1936"]
[BlackElo "2091"]
[PlyCount "62"]
[EventDate "2013.09.08"]
[EventType "team-tourn"]
[EventRounds "11"]
[EventCountry "HUN"]
[SourceTitle "EXT 2016"]
[Source "ChessBase"]
[SourceDate "2015.10.08"]
[SourceVersion "1"]
[SourceVersionDate "2015.10.08"]
[SourceQuality "1"]
[WhiteTeam "Kecskemet Takisz"]
[BlackTeam "Ujszasz"]
[WhiteTeamCountry "HUN"]
[BlackTeamCountry "HUN"]

1. d4 d5 2. c4 e6 3. Nf3 c6 4. Nc3 f5 5. Bf4 Nf6 6. e3 Be7 7. h3 0-0 8. Bh2 Bd7 9. Bd3 Be8 10. 0-0 Bh5 11. cxd5 cxd5 12. Be2 a6 13. Ne5 Bxe2 14. Qxe2 Nbd7 15. Rac1 Nxe5 16. Bxe5 Bd6 17. Bxd6 Qxd6 18. f4 Rac8 19. Rc2 Rc4 20. b3 Rc6 21. Na4 Ne4 22. Rfc1 Rfc8 23. Qd3 Kf7 24. Nb2 Qa3 25. Rxc6 Rxc6 26. Rxc6 bxc6 27. Na4 Qxa2 28. Qxa6 Qf2+ 29. Kh1 Ng3+ 30. Kh2 Nf1+ 31. Kh1 Nxe3 0-1

[Event "HUN-chT2 Toth 1213"]
[Site "Hungary"]
[Date "2013.01.27"]
[Round "6.10"]
[White "Moczo, Istvan"]
[Black "Molnar, Jozsef"]
[Result "1/2-1/2"]
[WhiteElo "1976"]
[BlackElo "1707"]
[PlyCount "99"]
[EventDate "2012.09.16"]
[EventType "team-tourn"]
[EventRounds "11"]
[EventCountry "HUN"]
[SourceTitle "EXT 2014"]
[Source "ChessBase"]
[SourceDate "2013.11.20"]
[SourceVersion "1"]
[SourceVersionDate "2013.11.20"]
[SourceQuality "1"]
[WhiteTeam "Takisz"]
[BlackTeam "Abony"]
[WhiteTeamCountry "HUN"]
[BlackTeamCountry "HUN"]

1. d4 Nf6 2. c4 g6 3. Nc3 Bg7 4. e4 d6 5. Nf3 0-0 6. Be2 c6 7. 0-0 e5 8. d5 c5 9. Ne1 Qe7 10. Nd3 Ne8 11. Bd2 Na6 12. Rc1 Nac7 13. g4 g5 14. a3 Rb8 15. b4 b6 16. b5 h6 17. f3 Nf6 18. Qe1 Nd7 19. Ra1 Bf6 20. Nd1 Bg7 21. Ne3 Nf6 22. a4 Nh7 23. a5 Bd7 24. axb6 axb6 25. Ra7 Qd8 26. Qa1 Qc8 27. Qb2 Rb7 28. Rfa1 Qb8 29. Qa2 Rc8 30. Nf2 Nf8 31. Nh1 Ng6 32. Ng3 Nf4 33. Bf1 Bf8 34. Nef5 Bxf5 35. Nxf5 Ng6 36. Rxb7 Qxb7 37. Qa7 Rb8 38. Kg2 Kh7 39. Kg3 Ne8 40. Qxb7 Rxb7 41. Ra8 Nf6 42. Be3 Nd7 43. Be2 Nf6 44. Kf2 Nd7 45. Rc8 Nb8 46. Kg2 f6 47. Rd8 Nd7 48. Ra8 Nb8 49. Kg3 Kg8 50. Kf2 1/2-1/2

[Event "HUN-chT2 Toth 1112"]
[Site "Hungary"]
[Date "2012.01.29"]
[Round "5.10"]
[White "Moczo, Istvan"]
[Black "Marjanovic, Annamaria"]
[Result "1-0"]
[WhiteElo "1999"]
[BlackElo "1784"]
[PlyCount "83"]
[EventDate "2011.09.25"]
[EventType "team-tourn"]
[EventRounds "11"]
[EventCountry "HUN"]
[SourceTitle "EXT 2013"]
[Source "ChessBase"]
[SourceDate "2012.11.22"]
[SourceVersion "1"]
[SourceVersionDate "2012.11.22"]
[SourceQuality "1"]
[WhiteTeam "Takisz"]
[BlackTeam "Maroczy II"]
[WhiteTeamCountry "HUN"]
[BlackTeamCountry "HUN"]

1. d4 Nf6 2. c4 e6 3. Nc3 Bb4 4. a3 Bxc3+ 5. bxc3 d6 6. e3 Nbd7 7. Ne2 c5 8. Ng3 0-0 9. Bd3 b6 10. 0-0 Qc7 11. f3 Bb7 12. e4 e5 13. d5 Rfe8 14. Nf5 Nf8 15. g4 Ng6 16. Ra2 Bc8 17. Qe1 Kh8 18. Qg3 Rb8 19. h4 a6 20. h5 Ne7 21. Qh4 Nxf5 22. gxf5 Qe7 23. h6 Rg8 24. Kh1 gxh6 25. Bxh6 Nxd5 26. Qxe7 Nxe7 27. f6 Rg6 28. Bg7+ Kg8 29. fxe7 Bh3 30. Bf8 Bxf1 31. Bxf1 Rg3 32. Rg2 Rxg2 33. Bxg2 Rxf8 34. exf8Q+ Kxf8 35. a4 Kg7 36. Bh3 Kf6 37. Bf5 h5 38. Kg2 Kg5 39. Kg3 h4+ 40. Kf2 Kf6 41. Ke3 Ke7 42. f4 1-0

[Event "HUN-chT2 Toth 1112"]
[Site "Hungary"]
[Date "2011.11.13"]
[Round "3.10"]
[White "Moczo, Istvan"]
[Black "Krizsa, Sandor"]
[Result "1/2-1/2"]
[WhiteElo "1999"]
[BlackElo "1739"]
[PlyCount "37"]
[EventDate "2011.09.25"]
[EventType "team-tourn"]
[EventRounds "11"]
[EventCountry "HUN"]
[SourceTitle "EXT 2013"]
[Source "ChessBase"]
[SourceDate "2012.11.22"]
[SourceVersion "1"]
[SourceVersionDate "2012.11.22"]
[SourceQuality "1"]
[WhiteTeam "Takisz"]
[BlackTeam "Keviterv"]
[WhiteTeamCountry "HUN"]
[BlackTeamCountry "HUN"]

1. d4 d5 2. c4 c6 3. e3 Nf6 4. Bd3 Bg4 5. Qb3 Qc7 6. Nc3 e6 7. Bd2 Nbd7 8. Nge2 dxc4 9. Bxc4 Bf5 10. Ng3 Bg6 11. Rc1 Bd6 12. Nce2 Nb6 13. Bd3 Bxd3 14. Qxd3 Be7 15. a3 0-0 16. 0-0 Rfe8 17. b4 a6 18. Ne4 Nxe4 19. Qxe4 1/2-1/2